Sports Quiz

Random Sports Quiz

John Cena PPV Opponents Quiz Stats

Quiz not verified by Sporcle

Challenge
Share
Tweet
Embed
Score 0/97 Timer 10:00
0 Plays Today
PPV Wrestler % Correct
Backlash 2007Randy Orton
96.9%
Vengeance: Night of ChampionsRandy Orton
96.9%
Summerslam 2007Randy Orton
96.9%
Unforgievn 2007Randy Orton
96.9%
No Way Out 2008Randy Orton
96.9%
Wrestlemania 24Randy Orton
96.9%
Backlash 2008Randy Orton
96.9%
Night of Champions 2009Randy Orton
96.9%
Summerslam 2009Randy Orton
96.9%
Breaking PointRandy Orton
96.9%
Hell in a CellRandy Orton
96.9%
New Year's Revolution 2006Edge
94.9%
Royal Rumble 2006Edge
94.9%
Backlash 2006Edge
94.9%
Summerslam 2006Edge
94.9%
Unforgiven 2006Edge
94.9%
Backlash 2007Edge
94.9%
No Way Out 2009Edge
94.9%
Wrestlemania XXVEdge
94.9%
Backlash 2009Edge
94.9%
Wrestlemania 22Triple H
94.3%
Backlash 2006Triple H
94.3%
Wrestlemania 24Triple H
94.3%
Backlash 2008Triple H
94.3%
Night of Champions 2008Triple H
94.3%
Night of Champions 2009Triple H
94.3%
Taboo Tuesday 2005Shawn Michaels
93.6%
Wrestlemania 23Shawn Michaels
93.6%
Backlash 2007Shawn Michaels
93.6%
No Way Out 2004Big Show
93.1%
Wrestlemania XXBig Show
93.1%
Cyber Sunday 2006Big Show
93.1%
Wrestlemania XXVBig Show
93.1%
PPV Wrestler % Correct
Judgment Day 2009Big Show
93.1%
Extreme RulesBig Show
93.1%
Summerslam 2008Batista
92.3%
Vengeance 2003Undertaker
91.2%
Vengeance 2005Chris Jericho
88.8%
Summerslam 2005Chris Jericho
88.8%
Survivor Series 2008Chris Jericho
88.8%
Armageddon 2008Chris Jericho
88.8%
No Way Out 2009Chris Jericho
88.8%
No Mercy 2003Kurt Angle
88.7%
No Way Out 2004Kurt Angle
88.7%
No Way Out 2005Kurt Angle
88.7%
Unforgiven 2005Kurt Angle
88.7%
Taboo Tueaday 2005Kurt Angle
88.7%
Survivor Series 2005Kurt Angle
88.7%
New Year's Revolution 2006Kurt Angle
88.7%
New Year's Revolution 2006Shawn Michaels
87.6%
New Year's Revolution 2006Kane
86.5%
No Way Out 2009Kane
86.5%
Wrestlemania 21JBL
85.3%
Judgment Day 2005JBL
85.3%
Backlash 2008JBL
85.3%
Judgment Day 2008JBL
85.3%
One Night Stand 2008JBL
85.3%
Great American Bash 2008JBL
85.3%
Royal Rumble 2009JBL
85.3%
Bragging RightsRandy Orton
82.5%
Survivor Series 2009Triple H
80.1%
Survivor Series 2009Shawn Michaels
79.7%
Great American Bash 2004Rob Van Dam
77.9%
One Night Stand 2006Rob Van Dam
77.9%
Backlash 2003Brock Lesnar
77.3%
Vengeance: Night of ChampionsKing Booker
77.2%
PPV Wrestler % Correct
No Way Out 2009Rey Mysterio
77.2%
Vengeance 2002Chris Jericho
75.4%
New Year's Revolution 2007Umaga
73.6%
Royal Rumble 2007Umaga
73.6%
Vengeance 2005Christian
73.5%
Elimination Chamber 2010Randy Orton
72.8%
Great American Bash 2004Booker T
72.5%
Summerslam 2004Booker T
72.5%
No Mercy 2004Booker T
72.5%
Cyber Sunday 2006Booker T
72.5%
New Year's Revolution 2006Carlito
72.5%
Judgment Day 2007The Great Khali
71%
One Night Stand 2007The Great Khali
71%
Elimination Chamber 2010Triple H
70.4%
The BashThe Miz
69.8%
Elimination Chamber 2010Batista
69.1%
Wrestlemania XXVIBatista
69.1%
Extreme Rules 2010Batista
69.1%
TLC: Tables, Ladders and ChairsSheamus
66.8%
Vengeance: Night of ChampionsBobby Lashley
66.5%
Great American Bash 2007Bobby Lashley
66.5%
New Year's Revolution 2006Chris Masters
62.7%
Elimination Chamber 2010Sheamus
58.2%
Vengeance: NIght of ChampionsMick Foley
57.3%
Vengeance 2006Sabu
50.4%
Elimination Chamber 2010Kofi Kingston
47.9%
No Way Out 2009Mike Knox
46.6%
Elimination Chamber 2010Ted DiBiase
43.6%
Armageddon 2004Jesus
42.1%
Judgment Day 2004Rene Dupree
39.9%
Great American Bash 2004Rene Dupree
39.9%

You're not logged in!

Compare scores with friends on all Sporcle quizzes.
Sign Up with Email
OR
Log In

You Might Also Like...

Show Comments

Extras

Top Quizzes Today


Score Distribution

Your Account Isn't Verified!

In order to create a playlist on Sporcle, you need to verify the email address you used during registration. Go to your Sporcle Settings to finish the process.

Report this User

Report this user for behavior that violates our Community Guidelines.

Details: